000 01921cam a22003494a 4500
001 17498613
003 OSt
005 20150408114155.0
008 121017s2012 flua b 001 0 eng
010 _a 2012032428
020 _a9781466554948 (hardback)
040 _aDLC
_cDLC
_dDLC
042 _apcc
050 0 0 _aQD381
_b.C37 2013
082 0 0 _a547.7
_223
_bCCI
084 _aSCI013000
_aTEC021000
_aTEC055000
_2bisacsh
100 1 _aCarraher, Charles E.,
_cJr.,
_d1941-
_940571
245 1 0 _aIntroduction to polymer chemistry /
_cCharles E. Carraher.
250 _a3rd ed.
260 _aBoca Raton, FL :
_bTaylor & Francis,
_cc2013.
300 _axxiv, 530 p. :
_bill. ;
_c26 cm.
504 _aIncludes bibliographical references and index.
520 _a"Providing a well-rounded presentation, this book covers the principles and applications of natural, synthetic, inorganic, and organic polymers. Using simple fundamentals, the author shows how the basic principles of one polymer group can be applied to all other groups. Brief case studies illustrate various developments and the societal and scientific contexts in which these changes occurred. This new third edition continues to address environmental concerns and green polymeric materials but also adds new material on health concerns of additives as well as additional information on the use of microbes for monomer synthesis and cracking processes in fuels. Each chapter contains careful updates"--
650 0 _aPolymers.
650 0 _aPolymerization.
650 7 _aSCIENCE / Chemistry / General
_2bisacsh.
_940138
650 7 _aTECHNOLOGY & ENGINEERING / Material Science
_2bisacsh.
_940572
650 7 _aTECHNOLOGY & ENGINEERING / Textiles & Polymers
_2bisacsh.
_940573
906 _a7
_bcbc
_corignew
_d1
_eecip
_f20
_gy-gencatlg
942 _2ddc
_cDVD
999 _c32385
_d266885